000 00341nam a2200157Ia 4500
100 _aBahga/Arshdeep
650 _aInternet of things
942 _cBK
366 _f20
654 _aIOT
245 _aInternet of things:A hands on approach
260 _bUniversitites press
_c2014
082 _bBAH
300 _a520
546 _aENGLISH
999 _c29674
_d29674